Comuni del Veneto con la D, la E e la F - Statistics

Statistiche generali
  • Questo quiz è stato fatto 46 volte
  • Il punteggio medio è 18 su 32
Statistiche sulle risposte
Group Comune % Corretto
D Dolo
76%
F Feltre
76%
F Fiesso d'Artico
76%
E Enego
71%
E Eraclea
67%
D Danta di Cadore
62%
D Domegge di Cadore
62%
F Follina
62%
F Fossalta di Piave
62%
F Fossalta di Portogruaro
62%
E Erbè
57%
E Este
57%
F Falcade
57%
F Farra di Soligo
57%
F Fonzaso
57%
F Fossò
57%
F Foza
57%
F Fregona
57%
E Erbezzo
52%
F Ficarolo
52%
F Fontanelle
52%
F Fratta Polesine
52%
D Dolcè
48%
D Due Carrare
48%
D Dueville
48%
F Ferrara di Monte Baldo
48%
F Fiesso Umbertiano
48%
F Fontaniva
48%
F Fonte
43%
F Frassinelle Polesine
43%
F Fumane
43%
F Fara Vicentino
33%
Nessun quiz corrispondente trovato
Distribuzione punteggi
Percentuale di utenti per punteggio
Percentile per numero di risposta
I tuoi punteggi nel tempo
Non hai fatto questo quiz